[Event "LiSB-ch B"]
[Site "Heerlen"]
[Date "1999.11.27"]
[Round "5"]
[White "Snoeck, Rene"]
[Black "Bongaerts, Jan"]
[Result "0-1"]
[WhiteElo "1791"]
[BlackElo "1762"]
[PlyCount "74"]
[EventDate "1999.11.20"]
[EventType "tourn"]
[EventRounds "7"]
[EventCountry "NED"]
[SourceTitle "EXT 2002"]
[Source "ChessBase"]
[SourceDate "2001.11.25"]
[SourceVersion "1"]
[SourceVersionDate "2001.11.25"]
[SourceQuality "1"]

1. d4 d5 2. c4 dxc4 3. e4 Nc6 4. Be3 Nf6 5. f3 e6 6. Bxc4 Be7 7. Ne2 a6 8. a4 Bd7 9. 0-0 0-0 10. Nbc3 Na7 11. e5 Ne8 12. Qd3 c6 13. a5 Nc7 14. Bb3 g6 15. Bh6 Re8 16. g4 Bg5 17. Bxg5 Qxg5 18. Ne4 Qe7 19. Nf6+ Kg7 20. Nxe8+ Bxe8 21. Rac1 Nd5 22. Bxd5 cxd5 23. Qd2 Bb5 24. Rc2 Nc6 25. Rd1 Ba4 26. Rxc6 bxc6 27. Rc1 Rb8 28. Rc5 Qb7 29. Nc3 Qb4 30. Qf4 Qxb2 31. Nxa4 Qa1+ 32. Kg2 Qxa4 33. h4 Qd1 34. Kg3 Rb2 35. Qf6+ Kg8 36. h5 Qe1+ 37. Kf4 Qd2+ 0-1

[Event "LiSB-ch B"]
[Site "Heerlen"]
[Date "1999.11.21"]
[Round "2"]
[White "Bongaerts, Jan"]
[Black "Leentjens, Gilbert"]
[Result "1-0"]
[WhiteElo "1762"]
[BlackElo "1787"]
[PlyCount "51"]
[EventDate "1999.11.20"]
[EventType "tourn"]
[EventRounds "7"]
[EventCountry "NED"]
[SourceTitle "EXT 2001"]
[Source "ChessBase"]
[SourceDate "2000.11.22"]
[SourceVersion "1"]
[SourceVersionDate "2000.11.22"]
[SourceQuality "1"]

1. e4 c5 2. Nf3 d6 3. d4 cxd4 4. Nxd4 Nf6 5. Nc3 g6 6. Bc4 Bg7 7. Be3 0-0 8. 0-0 Nc6 9. Qd2 Bd7 10. h3 Rc8 11. Bb3 a6 12. f4 Qa5 13. Nf3 b5 14. a3 Qc7 15. Rad1 Na5 16. e5 Nxb3 17. cxb3 Ne8 18. Nd5 Qc2 19. Nxe7+ Kh8 20. Nxc8 Qxd2 21. Rxd2 Bxc8 22. exd6 Nf6 23. Ne5 Be6 24. d7 Nd5 25. Bc5 Rd8 26. Rfd1 1-0